[Event "79th Noteboom 2019"]
[Site "Leiden"]
[Date "2019.02.23"]
[Round "3.3"]
[White "Van Vliet, Jeffrey"]
[Black "Clemens, Adrian"]
[Result "1-0"]
[WhiteElo "2379"]
[BlackElo "2126"]
[Annotator "NA"]
[PlyCount "109"]
[EventDate "2019.02.22"]
[EventType "swiss"]
[EventCountry "NED"]
[SourceTitle "playchess.com"]
[Source "ChessBase"]
[SourceQuality "1"]
[TimeControl "6600+10"]

1. e4 {[%emt 0:12:57]} c5 {[%emt 0:10:16]} 2. Nf3 {[%emt 0:00:08]} d6 {[%emt 0:00:16]} 3. c3 {[%emt 0:00:38]} Nf6 {[%emt 0:01:54]} 4. Be2 {[%emt 0:00:06]} g6 {[%emt 0:03:17]} 5. O-O {[%emt 0:00:14]} Bg7 {[%emt 0:00:06]} 6. Re1 {[%emt 0:00:11]} O-O {[%emt 0:00:59]} 7. Bf1 {[%emt 0:00:11]} Nc6 {[%emt 0:05:11]} 8. d3 {[%emt 0:09:44]} b6 {[%emt 0:06:46]} 9. Nbd2 {[%emt 0:10:15]} Bb7 {[%emt 0:03:17]} 10. d4 {[%emt 0:01:08]} cxd4 {[%emt 0:05:35]} 11. cxd4 {[%emt 0:00:09]} e6 {[%emt 0:06:06]} 12. b3 {[%emt 0:10:54]} d5 {[%emt 0:15:06]} 13. e5 {[%emt 0:00:29]} Nd7 {[%emt 0:00:44]} 14. Ba3 {[%emt 0:05:37]} Re8 {[%emt 0:00:09]} 15. Rc1 {[%emt 0:01:35]} Rc8 {[%emt 0:01:12]} 16. Bd3 {[%emt 0:09:33]} Ndb8 {[%emt 0:03:38]} 17. Qe2 {[%emt 0:01:09]} Qd7 {[%emt 0:05:10]} 18. Bd6 {[%emt 0:07:36]} Bf8 {[%emt 0:12:26]} 19. Bxf8 {[%emt 0:00:54]} Rxf8 {[%emt 0:00:39]} 20. a3 {[%emt 0:06:30]} Ne7 {[%emt 0:04:12]} 21. Nf1 {[%emt 0:12:58]} Kg7 {[%emt 0:03:14]} 22. Ne3 {[%emt 0:03:42]} Ng8 {[%emt 0:02:55]} 23. h4 {[%emt 0:01:45]} Qe7 {[%emt 0:02:07]} 24. b4 {[%emt 0:00:25]} Rxc1 {[%emt 0:02:01]} 25. Rxc1 {[%emt 0:00:06]} Rc8 {[%emt 0:00:05]} 26. Qd2 {[%emt 0:00:47]} Qd8 {[%emt 0:03:00]} 27. Ng4 {[%emt 0:01:30]} Nd7 {[%emt 0:02:55]} 28. Rxc8 {[%emt 0:01:34]} Bxc8 {[%emt 0:00:06]} 29. Qf4 {[%emt 0:01:51]} Qe7 {[%emt 0:03:21]} 30. Bb5 {[%emt 0:00:24]} Nf8 {[%emt 0:00:08]} 31. h5 {[%emt 0:02:04]} gxh5 {[%emt 0:00:38]} 32. Nf6 {[%emt 0:00:11]} Ng6 {[%emt 0:02:53]} 33. Qc1 {[%emt 0:00:55]} Bb7 {[%emt 0:00:42]} 34. Nxh5+ {[%emt 0:00:32]} Kh8 {[%emt 0:01:00]} 35. g3 {[%emt 0:02:43]} Qd8 {[%emt 0:02:06]} 36. Bd3 {[%emt 0:02:17]} h6 {[%emt 0:00:36]} 37. Bxg6 {[%emt 0:00:49]} fxg6 {[%emt 0:00:04]} 38. Nf4 {[%emt 0:00:03]} Qe8 {[%emt 0:00:22]} 39. Qc7 {[%emt 0:00:17]} g5 {[%emt 0:00:07]} 40. Nxe6 {[%emt 0:00:58]} Qxe6 {[%emt 0:00:02]} 41. Qxb7 {[%emt 0:00:05]} Ne7 {[%emt 0:00:13]} 42. Qxa7 {[%emt 0:00:15]} Nf5 {[%emt 0:00:03]} 43. Qb8+ {[%emt 0:00:17]} Kh7 {[%emt 0:00:06]} 44. Qc7+ {[%emt 0:00:16]} Kg8 {[%emt 0:00:02]} 45. Qc3 {[%emt 0:00:25]} g4 {[%emt 0:00:17]} 46. Nh4 {[%emt 0:00:08]} Ne7 {[%emt 0:00:19]} 47. Ng2 {[%emt 0:00:03]} Qf5 {[%emt 0:00:09]} 48. Ne3 {[%emt 0:00:16]} Qb1+ {[%emt 0:00:04]} 49. Kg2 {[%emt 0:00:02]} Qe4+ {[%emt 0:00:02]} 50. Kg1 {[%emt 0:00:05]} Qb1+ {[%emt 0:00:01]} 51. Kh2 {[%emt 0:00:06]} Qa2 {[%emt 0:00:01]} 52. Nxg4 {[%emt 0:00:09]} h5 {[%emt 0:00:03]} 53. Nf6+ {[%emt 0:00:03]} Kf7 {[%emt 0:00:01]} 54. Qf3 {[%emt 0:00:04]} Ke6 {[%emt 0:00:04]} 55. Nxh5 {[%emt 0:00:19]} 1-0

[Event "79th Noteboom 2019"]
[Site "Leiden"]
[Date "2019.02.23"]
[Round "3.4"]
[White "Lahaye, Rick"]
[Black "Elgersma, Simon"]
[Result "1-0"]
[WhiteElo "2411"]
[BlackElo "2148"]
[Annotator "NA"]
[PlyCount "155"]
[EventDate "2019.02.22"]
[EventType "swiss"]
[EventCountry "NED"]
[SourceTitle "playchess.com"]
[Source "ChessBase"]
[SourceQuality "1"]
[TimeControl "6600+10"]

1. d4 {[%emt 0:10:15]} e6 {[%emt 0:10:04]} 2. e3 {[%emt 0:00:54]} Nf6 {[%emt 0:00:56]} 3. Bd3 {[%emt 0:00:10]} d5 {[%emt 0:01:50]} 4. Nd2 {[%emt 0:00:40]} c5 {[%emt 0:03:08]} 5. c3 {[%emt 0:05:17]} Nbd7 {[%emt 0:04:54]} 6. Ngf3 {[%emt 0:05:49]} Bd6 {[%emt 0:02:48]} 7. O-O {[%emt 0:00:12]} O-O {[%emt 0:02:43]} 8. Re1 {[%emt 0:02:03]} e5 {[%emt 0:09:07]} 9. e4 {[%emt 0:18:13]} cxd4 {[%emt 0:16:26]} 10. cxd4 {[%emt 0:04:41]} Re8 {[%emt 0:15:53]} 11. exd5 {[%emt 0:14:32]} exd4 {[%emt 0:05:04]} 12. Ne4 {[%emt 0:10:20]} Ne5 {[%emt 0:10:01]} 13. Bg5 {[%emt 0:13:11]} Bg4 {[%emt 0:04:35]} 14. Bxf6 {[%emt 0:01:49]} gxf6 {[%emt 0:01:03]} 15. Be2 {[%emt 0:03:10]} f5 {[%emt 0:12:39]} 16. Nxd6 {[%emt 0:12:56]} Qxd6 {[%emt 0:00:16]} 17. Qxd4 {[%emt 0:00:09]} Bxf3 {[%emt 0:01:13]} 18. Bxf3 {[%emt 0:00:13]} Re7 {[%emt 0:01:33]} 19. Re3 {[%emt 0:01:49]} Rae8 {[%emt 0:02:46]} 20. Rae1 {[%emt 0:01:44]} f6 {[%emt 0:04:06]} 21. Kh1 {[%emt 0:00:28]} Rd8 {[%emt 0:00:48]} 22. Bd1 {[%emt 0:00:49]} Kh8 {[%emt 0:00:26]} 23. h3 {[%emt 0:02:48]} Nc6 {[%emt 0:00:52]} 24. Qh4 {[%emt 0:00:14]} Ne5 {[%emt 0:00:19]} 25. Bb3 {[%emt 0:00:38]} Ng6 {[%emt 0:00:08]} 26. Qd4 {[%emt 0:00:07]} Re5 {[%emt 0:00:18]} 27. Qxa7 {[%emt 0:00:34]} Qb4 {[%emt 0:00:15]} 28. Rxe5 {[%emt 0:00:26]} fxe5 {[%emt 0:00:01]} 29. Qe3 {[%emt 0:00:06]} f4 {[%emt 0:00:01]} 30. Qe2 {[%emt 0:00:09]} Re8 {[%emt 0:00:06]} 31. Qe4 {[%emt 0:00:09]} Qd2 {[%emt 0:00:04]} 32. Re2 {[%emt 0:00:03]} Qc1+ {[%emt 0:00:01]} 33. Kh2 {[%emt 0:00:01]} Qc7 {[%emt 0:00:05]} 34. f3 {[%emt 0:00:17]} Qe7 {[%emt 0:00:00]} 35. d6 {[%emt 0:00:15]} Qxd6 {[%emt 0:00:09]} 36. Bf7 {[%emt 0:00:07]} Re7 {[%emt 0:00:05]} 37. Bxg6 {[%emt 0:00:25]} hxg6 {[%emt 0:00:01]} 38. Rc2 {[%emt 0:00:06]} Kg7 {[%emt 0:00:06]} 39. Rc8 {[%emt 0:00:19]} Qe6 {[%emt 0:00:17]} 40. Ra8 {[%emt 0:00:10]} Rd7 {[%emt 0:00:10]} 41. Qb4 {[%emt 0:00:15]} Qf6 {[%emt 0:00:02]} 42. Rb8 {[%emt 0:00:06]} Qf7 {[%emt 0:00:28]} 43. Qc5 {[%emt 0:00:07]} Re7 {[%emt 0:00:23]} 44. Qc8 {[%emt 0:00:06]} Kh6 {[%emt 0:00:24]} 45. Qh8+ {[%emt 0:00:04]} Qh7 {[%emt 0:00:08]} 46. Qf6 {[%emt 0:00:03]} Rf7 {[%emt 0:00:16]} 47. Qxe5 {[%emt 0:00:09]} Rf5 {[%emt 0:00:10]} 48. Qh8 {[%emt 0:00:24]} Qxh8 {[%emt 0:00:09]} 49. Rxh8+ {[%emt 0:00:01]} Kg7 {[%emt 0:00:07]} 50. Rd8 {[%emt 0:00:11]} Rb5 {[%emt 0:00:06]} 51. b3 {[%emt 0:00:02]} Kf6 {[%emt 0:00:02]} 52. Rd4 {[%emt 0:00:11]} Ke5 {[%emt 0:00:08]} 53. Rc4 {[%emt 0:00:12]} Rd5 {[%emt 0:00:07]} 54. Rb4 {[%emt 0:00:05]} b5 {[%emt 0:00:29]} 55. h4 {[%emt 0:00:15]} Kf5 {[%emt 0:00:03]} 56. Kh3 {[%emt 0:00:05]} Rc5 {[%emt 0:00:34]} 57. g3 {[%emt 0:00:16]} fxg3 {[%emt 0:00:09]} 58. Kxg3 {[%emt 0:00:02]} Kf6 {[%emt 0:00:05]} 59. Kg4 {[%emt 0:00:11]} Rd5 {[%emt 0:00:12]} 60. Rf4+ {[%emt 0:00:12]} Ke6 {[%emt 0:00:04]} 61. a4 {[%emt 0:00:10]} Rd3 {[%emt 0:00:08]} 62. Rb4 {[%emt 0:00:17]} bxa4 {[%emt 0:00:11]} 63. bxa4 {[%emt 0:00:02]} Ra3 {[%emt 0:00:06]} 64. Rb6+ {[%emt 0:00:15]} Kf7 {[%emt 0:00:04]} 65. Ra6 {[%emt 0:00:02]} Ra1 {[%emt 0:00:04]} 66. Ra7+ {[%emt 0:00:39]} Kf6 {[%emt 0:00:09]} 67. a5 {[%emt 0:00:03]} Ra4+ {[%emt 0:00:01]} 68. f4 {[%emt 0:00:01]} Ra1 {[%emt 0:00:03]} 69. Ra6+ {[%emt 0:00:02]} Kg7 {[%emt 0:00:01]} 70. Ra8 {[%emt 0:00:13]} Kh7 {[%emt 0:00:31]} 71. a6 {[%emt 0:00:01]} Kg7 {[%emt 0:00:15]} 72. a7 {[%emt 0:00:37]} Ra3 {[%emt 0:00:07]} 73. h5 {[%emt 0:00:02]} gxh5+ {[%emt 0:00:36]} 74. Kxh5 {[%emt 0:00:01]} Ra5+ {[%emt 0:00:28]} 75. Kg4 {[%emt 0:00:04]} Kh7 {[%emt 0:00:03]} 76. f5 {[%emt 0:00:02]} Kg7 {[%emt 0:00:19]} 77. f6+ {[%emt 0:00:02]} Kh7 {[%emt 0:00:06]} 78. f7 {[%emt 0:00:02]} 1-0

[Event "79th Noteboom 2019"]
[Site "Leiden"]
[Date "2019.02.23"]
[Round "4.1"]
[White "Van Wely, Loek"]
[Black "Van Vliet, Jeffrey"]
[Result "1-0"]
[WhiteElo "2622"]
[BlackElo "2379"]
[Annotator "TA"]
[PlyCount "117"]
[EventDate "2019.02.22"]
[EventType "swiss"]
[EventCountry "NED"]
[SourceTitle "playchess.com"]
[Source "ChessBase"]
[SourceQuality "1"]

{[%evp 9,117,22,47,12,0,6,8,0,0,0,5,-9,0,-14,0,0,54,54,48,43,47,50,54,56,63,17,21,-10,8,9,8,10,16,0,10,12,154,106,75,95,123,114,123,115,120,119,133,129,235,241,442,547,527,163,241,237,234,177,179,179,174,171,181,178,186,189,188,186,198,191,247,248,254,249,250,253,299,297,295,318,314,307,315,322,348,339,326,288,407,442,429,448,436,427,398,346,329,253,245,245,244,235,231,232,491,472,533,514,29982,29983]} 1. Nf3 d5 2. d4 Nf6 3. c4 c6 4. e3 a6 5. Bd3 Bg4 6. Qb3 {D11: Slav Defence: 3 Nf3 sidelines and 3...Nf6 4 e3 Bg4} (6. Nbd2 e6 7. h3 Bh5 8. Qc2 dxc4 9. Nxc4 Bxf3 10. gxf3 c5 11. dxc5 Bxc5 12. a3 Nc6 13. b4 Be7 {0-1 (36) Nakamura,H (2786)-Carlsen,M (2832) chess.com INT 2018}) 6... Bxf3 7. gxf3 Qc7 8. cxd5 {The position is equal.} cxd5 9. Nc3 e6 10. e4 {[%cal Re4d5]} Nc6 11. Be3 {[%cal Re4d5]} Bb4 12. O-O-O O-O-O $146 (12... Bxc3 $11 13. Qxc3 Rc8) ({Predecessor:} 12... O-O 13. Kb1 Rfd8 {½-½ (34) Neubauer,M (2448)-Firat,B (2365) Novi Sad 2009}) 13. Kb1 Bxc3 14. Qxc3 Kb8 15. Rhg1 Nh5 16. Rc1 Qb6 $1 17. f4 g6 18. f5 exf5 (18... e5 $5 19. exd5 Nxd4 $11) 19. exf5 Rhe8 20. Qd2 Ka8 21. Rc3 Nf6 22. f3 Nxd4 (22... Ng8 $11 {keeps the balance.}) 23. Qf2 Rxe3 24. Qxe3 Re8 25. Qf2 Ka7 26. Rgc1 {Threatens to win with Bxa6!} Nc6 {[#]} 27. Qh4 $1 {[%cal Rh4f6]} Na5 28. Qf4 d4 (28... Rd8 $16 {keeps fighting.}) 29. Rc5 $18 ({But not} 29. Rc8 $6 Nc6 $16) 29... Nc6 $2 (29... Re3 {might work better.}) 30. fxg6 Nb4 31. Bf1 $2 {[#]} (31. Rc8 {[%csl Gc8][%cal Rf4b8]} Nd7 32. gxh7 Nxd3 33. Qd2) 31... hxg6 (31... Nfd5 {was worth a try.} 32. Qd2 (32. Qxf7 Re7 $16) (32. Qxd4 Qxg6+ 33. Ka1 b6 $16) 32... hxg6) 32. Qxd4 Rd8 33. Qc3 Nfd5 34. Qb3 Nc6 35. Qxb6+ Kxb6 36. R5c2 Ne3 37. Re2 Nf5 38. Bh3 Nfd4 39. Rf2 Ne5 (39... Rd6 $142 40. f4 Rf6) 40. Rd1 Nec6 41. f4 Rh8 42. Bd7 Rh4 43. Bxc6 Nxc6 {[%mdl 4096] Endgame KRR-KRN} 44. Rd7 f5 45. a3 Rg4 46. Ka2 Na5 47. Re2 Rxf4 48. Re6+ Nc6 (48... Ka7 {was necessary.} 49. Rxg6 Rf2) 49. Rxg6 Rh4 50. Rgg7 Rxh2 51. Rxb7+ Kc5 52. Rbc7 Rh6 53. Rgf7 Kd6 54. Rc8 Nd4 55. Ra8 Ke5 56. Re7+ Ne6 $2 (56... Kf4 {is a better defense.} 57. Rae8 Rd6) 57. Rxa6 f4 58. Rf7 Rf6 (58... Rh2 $18 59. a4 Nd4) 59. Ra5+ {Accuracy: White = 76%, Black = 38%.} 1-0

[Event "79th Noteboom 2019"]
[Site "Leiden"]
[Date "2019.02.23"]
[Round "4.2"]
[White "Wantola, Ivo"]
[Black "Nikolic, Predrag"]
[Result "0-1"]
[WhiteElo "2342"]
[BlackElo "2573"]
[Annotator "TA"]
[PlyCount "68"]
[EventDate "2019.02.22"]
[EventType "swiss"]
[EventCountry "NED"]
[SourceTitle "playchess.com"]
[Source "ChessBase"]
[SourceQuality "1"]

{[%evp 14,68,20,9,40,35,23,32,34,30,33,34,24,25,39,41,38,20,22,-52,-57,-46,-37,-57,-14,-33,-6,0,18,15,17,14,27,-50,-39,-132,-119,-119,-122,-150,-150,-150,-150,-160,-163,-193,-169,-275,-275,-251,-204,-293,-284,-329,-317,-300,-295]} 1. Nf3 d5 2. d4 Nf6 3. c4 dxc4 4. e3 Bg4 5. h3 Bh5 6. Bxc4 e6 7. Qb3 Bxf3 8. gxf3 b6 {D25: Queen's Gambit Accepted: 4 e3: sidelines and 4...Bg4} (8... Nbd7 9. Qxb7 c5 10. dxc5 Bxc5 11. Nc3 Rb8 12. Qa6 O-O 13. Bb3 Ne5 14. Qe2 Rb4 15. Rg1 Rh4 16. f4 {0-1 (24) Paragua,M (2520)-Stukopin,A (2577) Philadelphia 2017}) 9. Nc3 Be7 10. d5 exd5 {White is slightly better.} 11. Nxd5 O-O $146 12. Nxe7+ Qxe7 13. Bd2 Nc6 14. O-O-O Rab8 15. Qc2 b5 16. Be2 (16. Bb3 $11 Ne5 17. f4) 16... Nd4 $1 $15 {[%cal Rd4c2][%mdl 64] [#] Double Attack, Pin} 17. Qd3 Nxe2+ 18. Qxe2 Rfd8 19. Kb1 Rd7 20. e4 $1 h6 21. Be3 a6 22. Rhg1 Kh8 23. Bd4 (23. Qc2 $11) 23... Rbd8 $36 {[%mdl 2048] Black has good play.} 24. Bxf6 (24. Be3 $15) 24... Qxf6 25. Rxd7 Rxd7 {[%mdl 4096] Endgame KQR-KQR} 26. Rd1 Qe6 27. Rxd7 Qxd7 $17 {KQ-KQ} 28. Qf1 Qd2 29. a3 c5 30. Qg2 (30. h4 {was worth a try.}) 30... h5 $19 31. Qg3 Kh7 32. e5 (32. Ka2 $142 Qd4 33. Qc7) 32... g5 {Black has a decisive advantage.} 33. e6 Qe1+ ({Not} 33... fxe6 34. Qc7+ Kg6 35. Qc8 $17) 34. Kc2 Qxe6 {Accuracy: White = 30%, Black = 71%.} 0-1

[Event "79th Noteboom 2019"]
[Site "Leiden"]
[Date "2019.02.23"]
[Round "4.3"]
[White "Wiersma, Eelke"]
[Black "Slingerland, Fred"]
[Result "1/2-1/2"]
[WhiteElo "2338"]
[BlackElo "2355"]
[Annotator "NA"]
[PlyCount "27"]
[EventDate "2019.02.22"]
[EventType "swiss"]
[EventCountry "NED"]
[SourceTitle "playchess.com"]
[Source "ChessBase"]
[SourceQuality "1"]
[TimeControl "6600+10"]

1. e4 {[%emt 0:09:57]} c5 {[%emt 0:09:54]} 2. Nf3 {[%emt 0:00:08]} d6 {[%emt 0:00:06]} 3. Bb5+ {[%emt 0:00:10]} Bd7 {[%emt 0:00:04]} 4. Bxd7+ {[%emt 0:00:08]} Qxd7 {[%emt 0:00:03]} 5. O-O {[%emt 0:00:09]} Nc6 {[%emt 0:00:02]} 6. Qe2 {[%emt 0:00:10]} g6 {[%emt 0:01:15]} 7. c3 {[%emt 0:02:18]} Bg7 {[%emt 0:00:05]} 8. Rd1 {[%emt 0:00:20]} e5 {[%emt 0:01:45]} 9. b4 {[%emt 0:02:26]} cxb4 {[%emt 0:12:52]} 10. cxb4 {[%emt 0:00:15]} Nxb4 {[%emt 0:00:06]} 11. d4 {[%emt 0:03:17]} exd4 {[%emt 0:11:47]} 12. Nxd4 {[%emt 0:02:16]} Ne7 {[%emt 0:00:14]} 13. Bb2 {[%emt 0:07:11]} O-O {[%emt 0:02:45]} 14. Na3 {[%emt 0:05:07]} 1/2-1/2

[Event "79th Noteboom 2019"]
[Site "Leiden"]
[Date "2019.02.23"]
[Round "4.4"]
[White "Van der Werf, Mark"]
[Black "Van Wissen, Michiel"]
[Result "1-0"]
[WhiteElo "2412"]
[BlackElo "2264"]
[Annotator "TA"]
[PlyCount "91"]
[EventDate "2019.02.22"]
[EventType "swiss"]
[EventCountry "NED"]
[SourceTitle "playchess.com"]
[Source "ChessBase"]
[SourceQuality "1"]

{[%evp 16,91,60,41,59,41,47,29,33,30,33,30,23,0,0,0,0,0,-18,-15,15,19,31,0,22,0,24,27,27,7,8,6,3,3,63,40,49,54,56,78,114,70,72,56,108,88,102,94,127,19,94,0,0,0,80,95,200,170,174,168,148,0,0,-29996,232,236,241,217,1533,1537,1204,872,29981,29982,29986,29987,29990,29991]} 1. d4 Nf6 2. c4 c5 3. d5 b5 4. Qc2 bxc4 5. e4 d6 6. Bxc4 g6 7. Nf3 Bg7 8. O-O O-O 9. Re1 Nfd7 {A57: Benko/Volga Gambit} (9... Nbd7 10. Nc3 Ng4 11. Bf1 Nde5 12. Nxe5 Nxe5 13. Bg5 Rb8 14. Rad1 f6 15. Bf4 f5 16. b3 Rb4 17. Bd2 {1-0 (56) Dreev,A (2679)-Ivanisevic,I (2632) Jakarta 2013}) 10. Bf4 Nb6 11. Bf1 $146 ({Predecessor:} 11. Nbd2 Ba6 12. Rab1 Nxc4 13. Nxc4 Bxc4 14. Qxc4 Nd7 15. Qe2 Qa5 16. b3 Rfe8 17. h4 {½-½ (54) Finegold,B (2539)-Gersov,E (2339) Philadelphia 2003}) 11... Ba6 {White has an edge.} 12. Nc3 Bxf1 13. Kxf1 N8d7 14. Rad1 Nc4 15. Qe2 Nce5 16. Nd2 Rb8 17. b3 h6 18. Rc1 g5 19. Be3 Qa5 20. Rc2 Rb6 {[#]} 21. h4 $1 {[%mdl 512]} g4 (21... gxh4 22. f4) 22. Nd1 Qa6 23. Nc4 Nxc4 24. bxc4 {aiming for Bxh6!} Ne5 (24... h5 $11) 25. Bf4 $14 Ng6 $1 {[%cal Rg6f4]} 26. Qxg4 h5 27. Qf3 Rb1 28. Bg3 Qa4 $1 {[%cal Ra4c2]} 29. Qe2 Bd4 ({Black should try} 29... Rfb8 $14) 30. Kg1 $16 Rfb8 31. Kh2 Ra1 32. f3 ({White should play} 32. f4 $16) 32... Rbb1 (32... Ne5 $1 $11) 33. Nc3 (33. f4 $1 $16) 33... Rxe1 $11 34. Bxe1 Be5+ (34... Qb4 $11 {remains equal.}) 35. g3 $1 $16 Qa5 (35... Qb4 $16) 36. f4 $36 {[%mdl 2048] Keeping Black busy.} Bd4 37. Bd2 Qa6 {[#]} 38. Rb2 ({Much less strong is} 38. Qxh5 Rf1 $16) ({White must play} 38. e5 $1 $16) 38... Qc8 $11 {( -> ...Rh1+!)} 39. Rb3 $2 {[%mdl 8192] [#]} (39. Qf3 $11) 39... Kg7 $4 {[%mdl 8192]} (39... Rh1+ $1 {[%mdl 512] mates} 40. Kxh1 Qh3+ {[%mdl 64] Double Attack} 41. Qh2 Qf1+ {[%mdl 64] Double Attack} 42. Qg1 Qxg1#) 40. f5 $18 Ne5 {...Ng4+ is the strong threat.} 41. Qxh5 Qh8 $2 (41... Nd7 42. Bg5 Nf6) 42. Qg5+ {[%mdl 64] Double Attack} Ng6 43. fxg6 {h5 would kill now.} f6 44. Qg4 {White mates.} Rf1 45. Rb7 Qe8 46. Qe6 {Accuracy: White = 50%, Black = 37%.} 1-0

[Event "79th Noteboom 2019"]
[Site "Leiden"]
[Date "2019.02.24"]
[Round "5.1"]
[White "Nikolic, Predrag"]
[Black "Van Wely, Loek"]
[Result "1-0"]
[WhiteElo "2573"]
[BlackElo "2622"]
[Annotator "TA"]
[PlyCount "129"]
[EventDate "2019.02.22"]
[EventType "swiss"]
[EventCountry "NED"]
[SourceTitle "playchess.com"]
[Source "ChessBase"]
[SourceQuality "1"]

{[%evp 29,129,8,13,6,5,8,12,14,42,42,38,41,22,24,71,32,61,64,61,59,59,53,63,63,63,56,56,43,64,58,121,100,120,120,120,120,120,120,120,120,229,105,124,68,68,76,75,81,84,39,39,8,8,8,8,8,8,8,8,8,8,8,8,8,8,8,8,8,29957,12850,4602,485,5708,0,0,0,0,0,29961,3957,3697,3148,2662,600,29978,29979,29979,29980,29980,29981,29983,29984,29984,29985,29985,29986,29987,29988,29988,29989,29989,29990]} 1. d4 Nf6 2. c4 e6 3. Nf3 d5 4. Nc3 dxc4 5. e3 a6 6. a4 c5 7. Bxc4 Nc6 8. O-O Be7 9. Qe2 cxd4 10. Rd1 e5 11. exd4 exd4 12. Nxd4 Nxd4 13. Qe5 Qd6 14. Qxd6 Bxd6 15. Rxd4 Be5 16. Rh4 {D27: Queen's Gambit Accepted: Classical main line: 7 e4!? and 7 a4} O-O 17. Bf4 Bxf4 18. Rxf4 {The position is equal.} Bd7 19. Nd5 Nxd5 20. Bxd5 {[#]} a5 $146 ({Predecessor:} 20... Rab8 21. Rc1 Be6 22. Bxe6 fxe6 23. Rxf8+ Rxf8 24. g3 Rd8 25. Rc7 Rd4 26. Rxb7 Rxa4 27. Re7 Re4 28. Ra7 Ra4 29. Kg2 a5 30. b4 {½-½ (30) Kunin,V (2541)-Donchenko,A (2569) Zuerich 2017}) 21. Rc1 Ra6 22. h3 (22. Bxb7 {seems wilder.} Rb6 23. Bd5 Rd6 24. Bc4 g5 25. Rf3) 22... Bc6 23. Bxc6 bxc6 $14 {[%mdl 4096] Endgame KRR-KRR} 24. Rfc4 Rc8 25. R1c3 Rb6 26. b3 Kf8 27. Rc5 Ra6 $1 28. Kf1 Rb8 29. g3 Rb4 ({Black should try} 29... Rc8 $14) 30. h4 Rab6 31. Rxc6 Rxc6 32. Rxc6 Rxb3 $16 {KR-KR} 33. Rc5 Ra3 34. Rxa5 h5 (34... Ke7 $16 35. Ra7+ Ke6) 35. Ke2 ({Resist} 35. Rxh5 $6 Rxa4 36. Rb5 Ke7 $16) (35. Ra7 $1 $18) 35... Ke7 36. Re5+ (36. Ra8 $16) 36... Kf6 $1 $14 {[%cal Rf6e5]} 37. Re4 Kf5 38. Rf4+ Ke6 39. Kd2 f6 $1 40. Kc2 g5 41. Kb2 Rd3 42. Rc4 gxh4 43. gxh4 {Strongly threatening a5.} Kd5 44. Rf4 {aiming for a5.} Ke5 45. Rb4 {Hoping for Rb5+.} Rd2+ 46. Kb3 Rxf2 47. a5 {Threatens to win with a6.} Rf3+ 48. Ka4 Rd3 $2 {[%mdl 8192]} (48... Kd6 $11) 49. a6 Rd8 50. Rb5+ (50. Ka5 $142 Ra8 51. Rb5+ Ke4 52. Rxh5) 50... Ke4 {[#]} (50... Kd6 $142 51. Ka5 Kc7) 51. Rxh5 $2 (51. Ka5 $1 $18 Kf4 52. Rxh5) 51... f5 $1 $11 52. a7 f4 53. Rh7 Kf5 $2 {[%mdl 8192]} (53... f3 $11) 54. Kb5 (54. Ka5 $142 Kg6 55. Rb7 Ra8 56. Ka6 f3 57. Rb6+ Kh5 58. Rf6 Re8 59. Rxf3) 54... Kg6 $18 55. Rd7 Rf8 56. Rd6+ (56. Rb7 $142 Ra8 57. Ka6) 56... Kf5 {Black hopes to continue with ...f3.} 57. Ra6 {White mates.} Ra8 58. Kb6 Kg4 {[#]} 59. Ra4 $1 Rf8 60. a8=Q Rxa8 61. Rxa8 Kxh4 62. Kc5 f3 63. Kd4 f2 64. Rf8 Kg3 65. Ke3 {Accuracy: White = 51%, Black = 50%.} 1-0

[Event "79th Noteboom 2019"]
[Site "Leiden"]
[Date "2019.02.24"]
[Round "5.2"]
[White "Van der Werf, Mark"]
[Black "Lahaye, Rick"]
[Result "1-0"]
[WhiteElo "2412"]
[BlackElo "2411"]
[Annotator "TA"]
[PlyCount "59"]
[EventDate "2019.02.22"]
[EventType "swiss"]
[EventCountry "NED"]
[SourceTitle "playchess.com"]
[Source "ChessBase"]
[SourceQuality "1"]

{[%evp 9,59,73,120,125,125,123,119,107,110,91,106,102,97,82,131,136,138,138,154,106,181,170,181,181,262,250,253,252,308,318,374,350,370,352,379,272,281,280,382,382,497,427,814,810,781,709,723,715,1337,1317,1239,1205]} 1. c4 d6 2. d4 Nd7 3. Nc3 c5 4. d5 Ngf6 5. e4 b5 6. cxb5 {A41: 1 d4 d6: Tartakower System and Modern Defence} a6 7. a4 g6 8. Nf3 {White is better.} Bg7 9. Bd2 O-O 10. Be2 axb5 11. axb5 Rb8 $146 ({Predecessor:} 11... Bb7 12. O-O Nb6 13. Qc2 Qd7 14. h3 e6 15. dxe6 Qxe6 16. Rxa8 Rxa8 {0-1 (70) Karjakin,S (2783)-Nepomniachtchi,I (2751) chess.com INT 2017}) 12. O-O Nb6 13. Bf4 Ne8 14. h3 e5 {[#]} (14... Nc7 $16 {is a better defense.}) 15. dxe6 $1 $18 fxe6 16. Qd2 Qc7 (16... Bb7 {was called for.} 17. Bh6 Qe7 18. Bxg7 Qxg7) 17. Rfd1 e5 18. Be3 Be6 19. Rdc1 Qb7 20. Na4 Nxa4 21. Rxa4 Bf6 22. Bg5 Bb3 23. Ra3 Be6 24. Bxf6 Rxf6 25. Ng5 {White is clearly winning.} Bd7 (25... Kh8 $142 26. Rca1 Bg8) 26. Rca1 Nc7 27. Ra7 Qc8 28. b4 cxb4 29. Rc1 Rb7 30. b6 {Accuracy: White = 87%, Black = 42%.} 1-0